000 00567ntaaa2200193 4500
003 01
005 20251027202516.0
008 0714s1973 ag 01
040 _aAR-BaBN
_bspa
_cAR-BaBN
_eaacr
_dRIC
082 _a225.7000 H23
100 _aMontefiore, Hugh William
_924012
245 _aA commentary on the epistle to the Hebrews
250 _a1 ed.
260 _aNew York :
_bHarper Row,
_c1964
300 _a272p.
500 _aEsta serie publicado en Inglaterra bajo el tírulo, Black's N.T. commentaries
650 _aBiblia-N.T.-Hebreos
_913283
942 _cBK
999 _c20088
_d20088